| 000 | 00716nam a22002537a 4500 | ||
|---|---|---|---|
| 005 | 20250219153833.0 | ||
| 008 | 220331b1987 xxu||||| |||| 00| 0 spa d | ||
| 020 | _a8420669946 | ||
| 041 | _aESP | ||
| 082 | _aR 540.3 B846a | ||
| 100 | _aBreuer, Hans | ||
| 245 | _aAtlas de Química | ||
| 260 | _aEspaña | ||
| 260 | _bAlianza Editorial | ||
| 260 | _c1987 | ||
| 300 | _a446 páginas | ||
| 500 | _aTomo 1: abarca química general e inorgánica páginas 5-272 Tomo 2: Abarca química orgánica y polímeros páginas 277-461 | ||
| 650 | _aDICCIONARIOS | ||
| 650 | _aQUÍMICA GENERAL | ||
| 650 | _aQUÍMICA ORGÁNICA | ||
| 650 | _aPOLÍMEROS | ||
| 650 | _aQUÍMICA INORGÁNICA | ||
| 942 |
_cREF _2ddc |
||
| 999 |
_c13306 _d13306 |
||